000 00958nam a22002657a 4500
999 _c65995
_d65995
005 20240530110854.0
008 201102s2020 ua a g b 000 0dara d
017 _a2020/1646
_bمصر. دار الكتب
020 _a9789773195564
040 _aEG-CaGPL
_cEG-CaGPL
082 0 4 _221
_a070.4496/
_bف ص
100 0 _aفتحى حسين عامر
245 1 0 _aصحافة الفيديو :
_bتقنياتها واشكالياتها /
_cفتحى حسين عامر
250 _aط.1
260 _aالقاهرة :
_bالعربى للنشر و التوزيع،
_c2020
300 _a231 ص. ؛
_c24 سم.
504 _aيشتمل على ارجاعات ببليوجرافية
650 0 7 _2qrmak
_aالصحافة الالكترونية
650 0 7 _aفيسبوك
_2qrmak
650 0 7 _aيوتيوب
_2qrmak
650 0 7 _aالنشر الالكترونى
_2qrmak
651 _2qrmak
942 _2ddc
_cBK